| 000 | 00766nam a22002177a 4500 | ||
|---|---|---|---|
| 999 |
_c61263 _d61263 |
||
| 005 | 20240117130555.0 | ||
| 008 | 240117s2022 enk||||| |||| 00| 0 eng d | ||
| 020 | _a9789393553270 | ||
| 041 | _aeng | ||
| 080 | _a616.31 R-22 | ||
| 100 |
_aRajkumar, K. _921058 |
||
| 245 |
_aTextbook ofOral Anatomy, Histology, Physiologyand Tooth Morphology / _cK. Rajkumar , R. Ramya. |
||
| 250 | _a3rd edition | ||
| 264 |
_aGurgaon _bWolters Kluwer, _c2022. |
||
| 300 |
_a864 p.: _bill.; _c25 cm. |
||
| 653 | _aპირის ღრუს ანატომია | ||
| 653 | _aკბილის მორფოლოგია | ||
| 653 | _aპირის ღრუს ჰისტოლოგია | ||
| 700 |
_aRamya, R. _eავტორი _921059 |
||
| 942 |
_2udc _cBK |
||